000 00349pam a2200157a 44500
008 230515b1996 xxu||||| |||| 00| 0 eng d
020 _aNULL
041 _aENGL
082 _a1.642 / GOT
100 _aBYRON S. GOTTFRIED
245 _aPROGRAMMING WITH C
250 _aN.D.
260 _aNULL
_bT.M.H
_c1996
300 _a532 PB
650 _aNULL
999 _c631853
_d631853